USL Championship Clubs by Logo - Statistics

General Stats
  • This quiz has been taken 65 times
  • The average score is 20 of 24
Answer Stats
Picture Answer % Correct
Las Vegas Lights FC
98%
Sacramento Republic FC
90%
Louisville City SC
89%
Phoenix Rising FC
89%
Tampa Bay Rowdies
89%
El Paso Locomotive FC
87%
Miami FC
87%
New Mexico United
87%
San Antonio FC
87%
Charleston Battery
85%
Hartford Athletic
85%
Pittsburgh Riverhounds
85%
Indy Eleven
84%
Rhode Island FC
84%
Detroit City FC
82%
North Carolina FC
82%
Orange County SC
82%
Tulsa FC
82%
Birmingham Legion FC
81%
Memphis 901 FC
79%
Oakland Roots SC
77%
Colorado Springs Switchbacks FC
71%
Monterey Bay FC
69%
Loudoun United
60%
No matching quizzes found
Score Distribution
Percent of People with Each Score
Percentile by Number Answered
Your Score History
You have not taken this quiz